000 00674cam a2200193 a 4500
001 000014469
005 20200929163845.0
008 830915s1982 cl ac b 000 0 spa d
040 _aDO-SdBNP
_bspa
_cBNPHU
082 _a983.306
_bG589c, 1982
100 1 _aGodoy Urzúa, Hernán.
_932678
245 1 3 _aLa cultura chilena :
_bensayo de síntesis y de interpretación sociológica /
_cHernán Godoy Urzúa.
250 _a2a ed.
260 _aSantiago de Chile :
_bUniversitaria,
_c1982.
300 _aiv, 553 p. :
_bil. retrs. ;
_c25 cm.
504 _aIncluye bibliografia (p. 537 - [554]).
650 4 _aChile
_xCultura popular
_932679
651 4 _aChile
_xCivilización
_932680
999 _c14058
_d14058